| Tag |
First Indicator |
Second Indicator |
Subfields |
| LEADER |
00000uam a2200000 a 4500 |
| 001 |
in00004145513 |
| 005 |
20260123225254.9 |
| 006 |
m o d |
| 007 |
cr cn |
| 008 |
151217s2017 xx o eng |
| 020 |
|
|
|z 9780134872001
|
| 020 |
|
|
|z 9780134852508
|
| 035 |
|
|
|a (CaSebORM)9780134872001
|
| 040 |
|
|
|d UtOrBLW
|
| 041 |
0 |
|
|a eng
|
| 100 |
1 |
|
|a DeJarld, Tina,
|e author.
|0 http://id.loc.gov/authorities/names/no2018101129
|
| 245 |
1 |
0 |
|a Adobe InDesign CC Classroom in a Book (2018 release), First Edition /
|c DeJarld, Tina.
|
| 250 |
|
|
|a 1st edition.
|
| 264 |
|
1 |
|b Adobe Press,
|c 2017.
|
| 300 |
|
|
|a 1 online resource (433 pages)
|
| 336 |
|
|
|a text
|b txt
|2 rdacontent
|
| 337 |
|
|
|a computer
|b c
|2 rdamedia
|
| 338 |
|
|
|a online resource
|b cr
|2 rdacarrier
|
| 347 |
|
|
|a text file
|
| 520 |
|
|
|a Creative professionals seeking the fastest, easiest, most comprehensive way to learn Adobe InDesign choose Adobe InDesign CC Classroom in a Book (2018 release) from Adobe Press. The 15 project-based step-by-step lessons show users the key techniques for working in InDesign. Designers will build a strong foundation of typographic, page layout, and document-construction skills that will enable them to produce a broad range of print and digital publications-from a simple postcard to an interactive Adobe PDF with form fields. The real-world tasks in this comprehensive book are presented in an easy-to-follow, step-by-step format and are designed to train beginning Adobe InDesign users in the program-from fundamental features to powerful layout and output skills. This book will also help experienced InDesign users elevate their skills, understand best practices, and learn about new features. The online companion files include all the necessary assets for readers to complete the projects featured in each lesson as well as ebook updates when Adobe releases relevant new features for Creative Cloud customers. All buyers of the book get full access to the Web Edition: a Web-based version of the complete ebook enhanced with video and multiple-choice quizzes.
|
| 533 |
|
|
|a Electronic reproduction.
|b Boston, MA :
|c Safari,
|n Available via World Wide Web.
|
| 538 |
|
|
|a Mode of access: World Wide Web.
|
| 542 |
|
|
|f Copyright © Adobe Press
|
| 588 |
|
|
|a Online resource; Title from title page (viewed December 18, 2017)
|
| 500 |
|
|
|a Electronic resource.
|
| 655 |
|
7 |
|a Electronic books.
|2 local
|
| 700 |
1 |
|
|a Anton, Kelly,
|e author.
|
| 710 |
2 |
|
|a Safari, an O'Reilly Media Company.
|
| 856 |
4 |
0 |
|u https://proxy.library.tamu.edu/login?url=https://go.oreilly.com/TAMU/library/view/-/9780134872001/?ar
|z Connect to this electronic resource
|t 0
|
| 999 |
f |
f |
|s 0b30fd60-590a-3711-9445-618b31ea108f
|i 5ebb5175-4568-30b9-8f2b-8479a8f863c2
|t 0
|
| 952 |
f |
f |
|a Texas A&M University
|b College Station
|c Electronic Resources
|s www_evans
|d Available Online
|t 0
|h No information provided
|
| 998 |
f |
f |
|t 0
|l Available Online
|